Prehľad fauny ektoparazitov drobných cicavcov okresu Lučenec 1. Siphonaptera /Výsledky teriologicko-parazitologického výskumu na 22. tábore ochrancov prírody Uhorské 1986. 2/

Bibliographic Details
Main Author: Dudich, Alexander, 1942- (Author)
Format: Article
Language:Slovak
PhysicalDescription:Tb. 3. Obr. 1., lit. 8 zázn. v slov.
Subjects:

MARC

LEADER 00000nab a2200000 a 4500
001 vtls000294446
003 SK-MaSNL
005 20260305035425.0
008 160204c1987 xo 0 slo
015 |a SNBRA19rr/mm-uuuuu 
035 |a CL0304565 
040 |a SNKBUCL  |b slo  |c SNKBUCL  |e AACR2 
041 0 |a slo 
044 |a xo  |c SK 
080 |a 591.557:595.4  |2 1981 
080 |a 595.4  |2 1981 
100 1 |a Dudich, Alexander,  |d 1942-  |4 aut  |9 104870 
245 1 0 |a Prehľad fauny ektoparazitov drobných cicavcov okresu Lučenec  |b 1. Siphonaptera /Výsledky teriologicko-parazitologického výskumu na 22. tábore ochrancov prírody Uhorské 1986. 2/  |c Alexander Dudich 
300 |b Tb. 3. Obr. 1., lit. 8 zázn. v slov. 
650 0 7 |a ektoparazity  |2 snkbucl  |9 20159 
651 7 |a 5305  |2 snkbucl  |9 277892 
651 7 |a Lučenec (Slovensko : okres)  |2 snkbucl  |9 29002 
655 7 |a články zo zborníkov  |2 snkbucl  |9 166140 
773 0 |t Dvadsiaty druhý tábor ochrancov prírody - Prehľad odborných výsledkov  |d Bratislava - Lučenec : ONV, odbor kultúry v Lučenci, 1987  |g S. 135-150 
850 |a Slovenská národná knižnica v Martine  |a MTA001 
852 |a SNK  |b KIS3GCP 
958 |a NB 
958 |a RK 
992 |a RZB 
999 |c 3333751  |d 3335681